| 000 | 01097cam a22002771i 4500 | ||
|---|---|---|---|
| 003 | SA_RiAUC | ||
| 005 | 20250701091726.0 | ||
| 008 | 250623s2012____le g 000 0 ara c | ||
| 020 | _a9786144042380 | ||
| 040 |
_aOQUL _bara _cSA-RiAUC _erda |
||
| 082 | 0 | 4 | _a811.63 |
| 090 |
_a811.63 _bع م ي |
||
| 100 | 1 |
_aالعميري، أمل محسن سالم _eمؤلف. |
|
| 245 | 1 | 2 |
_aالمكان في الشعر الأندلسي : _bعصر ملوك الطوائف / _cأمل محسن العميري. |
| 250 | _aالطبعة الأولى. | ||
| 264 | 1 |
_aبيروت : _bالانتشار العربي، _c2012 |
|
| 300 |
_a370 صفحة ؛ _c21 سم. |
||
| 336 |
_aنص _btxt _2rdacontent _3كتاب |
||
| 337 |
_aبدون وسيط _bn _2rdamedia |
||
| 338 |
_aمجلد _bnc _2rdacarrier |
||
| 490 | 0 | _aنادي مكة الثقافي | |
| 650 | 7 |
_aالأماكن في الشعر العربي _2aucsh |
|
| 650 | 7 |
_aالشعر العربي _zالأندلس _xتاريخ ونقد _yعصر ملوك الطوائف، 1031-1086 _2aucsh |
|
| 942 |
_2ddc _cBOOK _n0 |
||
| 949 |
_aSA-JeALM _d250623 _umohamedma123 _n1 |
||
| 999 |
_c9364 _d9364 |
||